000 00506nam a2200181Ia 4500
003 OSt
005 20220331091057.0
008 211109s9999||||xx |||||||||||||| ||und||
040 _csbcl
082 _a894.8124
_bASL-R
100 _aAslamsahib [m],
245 0 _aRuskalkarim Tr By K C K
260 _bP K B
_aCalicut
_c1961
300 _a278p.
630 _xGeneral Stack
650 _aLiterature & rhetoric
_vLiteratures of other languagesMalayalam literatureMalayalam Poetry
_xGeneralia
942 _cBOOK
999 _c16261
_d16261